Corona fúnebre a la memoria de los Tenientes aviadores Tucapel Ponce Arellano y Emilio Berguño Meneses, en el primer aniversario de su muerte: 7 de abril de 1916
Guardado en:
| Autores principales: | , |
|---|---|
| Formato: | Libro |
| Lenguaje: | español |
| Publicado: |
Santiago
Empresa Zig Zag
1916
|
| Edición: | 1a. ed |
| Materias: | |
| Etiquetas: |
Agregar Etiqueta
Sin Etiquetas, Sea el primero en etiquetar este registro!
|
MARC
| LEADER | 00000nam a2200000 a 4500 | ||
|---|---|---|---|
| 001 | UCJ5923 | ||
| 003 | CL-VaPUC | ||
| 008 | 070124e19160000CL |||||||||||||||||spa|d | ||
| 082 | 0 | 4 | |a 923 |b ALA |2 21 |
| 100 | 0 | |a Alas, Claudio de |e author |9 511890 | |
| 700 | 0 | |a Saavedra Montt, Cornelio |e author |9 511891 | |
| 245 | 1 | 0 | |a Corona fúnebre a la memoria de los Tenientes aviadores Tucapel Ponce Arellano y Emilio Berguño Meneses, en el primer aniversario de su muerte: 7 de abril de 1916 |
| 250 | |a 1a. ed | ||
| 300 | |a 49 p | ||
| 942 | |c BK | ||
| 945 | |d 20070124 00:00:00 |a rinostro | ||
| 260 | |a Santiago |b Empresa Zig Zag |c 1916 | ||
| 500 | |a Numerosas fotografías de los pilotos en diversas etapas de sus vidas, de las aeronaves de la época, del accidente, etc.; fotografía del célebre Teniente Bello (Don Alejandro), desaparecido sin que jamás se encontraran rastros de él y su aeronave | ||
| 600 | 0 | 7 | |a PONCE ARELLANO, TUCAPEL |2 CL-VaPUC |9 511892 |
| 600 | 0 | 7 | |a BERGUÑO MENESES, EMILIO |2 CL-VaPUC |9 511893 |
| 600 | 0 | 7 | |a BELLO, ALEJANDRO |2 CL-VaPUC |9 511894 |
| 650 | 0 | |a Biografías |9 255210 | |
| 650 | 7 | |a NECROLOGIA |2 CL-VaPUC |9 504408 | |
| 650 | 0 | |a Iconografía |9 267998 | |
| 650 | 7 | |a AVIACION CHILENA |2 CL-VaPUC |9 507877 | |
| 650 | 0 | |a Prensa y periodismo |z Chile |9 504409 | |
| 650 | 0 | |a Historia de Chile |9 265473 | |
| 583 | |a last modification |c 20121220 08:23:54 |k Rodrigo Vera | ||
| 999 | |c 322031 |d 322029 | ||
| 952 | |0 0 |1 0 |4 0 |6 923_000000000000000_ALA_1916 |7 0 |8 X |9 400940 |a FDOBUD |b FDOBUD |d 2019-11-22 |i 1041584 |o 923 ALA 1916 |p 1041584 |r 2019-11-22 |w 2019-11-22 |y BK_X |k BUD | ||